The economic history of India / (Record no. 43949)
[ view plain ]
| 000 -LEADER | |
|---|---|
| fixed length control field | 01186nam a2200301 a 4500 |
| 001 - CONTROL NUMBER | |
| control field | 43949 |
| 003 - CONTROL NUMBER IDENTIFIER | |
| rucl marc code | BD-RjUL |
| 005 - DATE AND TIME OF LATEST TRANSACTION | |
| control field | 20211209053756.0 |
| 008 - FIXED-LENGTH DATA ELEMENTS--GENERAL INFORMATION | |
| fixed length control field | 160629s1960 ii b f001 0 eng d |
| 020 ## - INTERNATIONAL STANDARD BOOK NUMBER | |
| Terms of availability | :IRs. 7.50 |
| 035 ## - SYSTEM CONTROL NUMBER | |
| System control number | (BD-RjUL)44067 |
| 040 ## - CATALOGING SOURCE | |
| Original cataloging agency | NOC |
| Transcribing agency | NOC |
| Language of cataloging | eng |
| Modifying agency | BD-RjUL |
| 041 ## - LANGUAGE CODE | |
| Language code of text/sound track or separate title | eng |
| 082 ## - DEWEY DECIMAL CLASSIFICATION NUMBER | |
| Edition number | 23 |
| Classification number | 330.95403 |
| Author mark and year | DUE V-1 1960 |
| 100 1# - MAIN ENTRY--PERSONAL NAME | |
| Personal name | Dutt, Romesh, |
| Dates associated with a name | 1848-1909. |
| 9 (RLIN) | 135018 |
| 245 14 - TITLE STATEMENT | |
| Title | The economic history of India / |
| Statement of responsibility, etc. | by Romesh Dutt ; critical introduction by D. R. Gadgil. |
| 260 ## - PUBLICATION, DISTRIBUTION, ETC. (IMPRINT) | |
| Place of publication, distribution, etc. | Delhi : |
| Name of publisher, distributor, etc. | Publications Division, Ministry of Information and Broadcasting, Government of India, |
| Date of publication, distribution, etc. | 1960. |
| 300 ## - PHYSICAL DESCRIPTION | |
| Pagination | v. ; |
| Size | 24 cm. |
| 490 1# - SERIES STATEMENT | |
| Series statement | Classics of Indian history and economics |
| 500 ## - GENERAL NOTE | |
| General note | Reprint of the 2d ed., published by K. Paul, Trench, Trubner, London, with preface dated 1906. |
| 504 ## - BIBLIOGRAPHY, ETC. NOTE | |
| Bibliography, etc | Includes bibliographical references and indexes. |
| 505 0# - FORMATTED CONTENTS NOTE | |
| Formatted contents note | Vol. 1. Under early British rule -- |
| 650 ## - SUBJECT ADDED ENTRY--TOPICAL TERM | |
| Topical term or geographic name as entry element | Economic conditions |
| Geographic subdivision | India |
| 9 (RLIN) | 133035 |
| 651 ## - SUBJECT ADDED ENTRY--GEOGRAPHIC NAME | |
| Geographic name | India |
| General subdivision | Politics and government |
| Chronological subdivision | 1765-1947 |
| 9 (RLIN) | 228499 |
| 700 ## - ADDED ENTRY--PERSONAL NAME | |
| Personal name | Gadgil, D. R. ,introducer |
| 830 #0 - SERIES ADDED ENTRY--UNIFORM TITLE | |
| Uniform title | Classics of Indian history and economics. |
| 942 ## - ADDED ENTRY ELEMENTS (KOHA) | |
| Source of classification or shelving scheme | Dewey Decimal Classification |
| Koha item type | Rare Books |
| Lost status | Source of classification or shelving scheme | Damaged status | Not for loan | Collection code | Permanent Location | Current Location | Shelving location | Date acquired | Source of acquisition | Cost, normal purchase price | Total Checkouts | Full call number | Date last seen | Copy number | Koha item type |
|---|---|---|---|---|---|---|---|---|---|---|---|---|---|---|---|
| Dewey Decimal Classification | Not For Loan | Rare Books | Central Library, University of Rajshahi | Central Library, University of Rajshahi | Rare Book Section | 18/05/1961 | India high commission, Rajshahi | 7.50 | RA 330.95403 DUE V-1 1960 | 29/06/2016 | C-1 | Rare Books |